000 01608nam a22004337a 4500
003 CHAP
005 20220329143238.0
008 070815d2007 mx r 00110 spa d
010 _a93881
011 _a94853
035 _a105452
040 _cCHAP
090 _aTesis
100 1 _aMuñoz Gutiérrez, Liliana.
_979604
245 1 0 _aEfecto del tipo de estaca y temperatura del sustrato sobre el enraizado en Taxus globosa Schlecht
_c/por Liliana Muñoz Gutiérrez
260 _aChapingo, Méx. :
_bEl autor,
_c2007.
300 _a33 h. :
_bilus.; gráfs., cuadro.
502 _aTesis (Ing. en Restauración Forestal) -- UACH. DIvisión de Ciencias Forestales
530 _aTambién disponible en línea
590 _aALEPH
_b10
_c20130110
_lUCH01
_h1519
590 _aBATCH-UPD
_b10
_c20130110
_lUCH01
_h0710
590 _aBATCH-UPD
_b10
_c20130111
_lUCH01
_h0000
590 _aBATCH-UPD
_b10
_c20130410
_lUCH01
_h0356
590 _aBATCH-UPD
_b10
_c20130914
_lUCH01
_h0950
590 _aBATCH-UPD
_b10
_c20140324
_lUCH01
_h1503
590 _aBATCH-UPD
_b10
_c20141002
_lUCH01
_h0834
590 _aCONVERSION
_b10
_c20130109
_lUCH01
_h1352
650 1 4 _aClones.
_923894
650 1 4 _aEnraizamiento.
_937013
650 1 4 _aPropagación de plantas.
_992417
650 1 4 _aSustratos.
_9110789
650 1 4 _aTaxus globosa.
_9111775
856 _3Finding aid
_uhttp://10.13.5.2/tesis/105452.pdf
_zTeclea aqui
901 _aBK
905 _aElisama A. H.
942 _cFOLL
949 _aTesis
_bBC
_cTES
_d33724002035868
_eTS2
_fc.2
_h46857
_i105452
_si
949 _aTesis
_bBC
_cTES
_d33724002035900
_eTS1
_h46856
_i105452
_sb
999 _c93881
_d93881